000 00320 a2200121 4500
020 _a9783319951768
100 _aBOSCH, SIEGFRIED
245 _aALGEBRA FROM THE VIEW POINT OF GALOIS THEORY
250 _a1
260 _bSPRINGER, SWITZERLAND
_c2018
440 _aBIRKHAUSER ADVANCED TEXTS BASLER LEHRBUCHER
942 _cBK
999 _c88212
_d88212